|
|
|
|
| LEADER |
00000cam a2200000 7i4500 |
| 001 |
0000000114 |
| 005 |
20000704.0 |
| 020 |
0 |
0 |
|a 9836242651
|
| 090 |
0 |
0 |
|a 959.5
|b MUH 1997
|
| 100 |
0 |
0 |
|a MUHD. Yusof Ibrahim
|c 1943 -
|
| 245 |
1 |
0 |
|a Pensejarahan Melayu 1800 - 1960
|c Muhd. Yusof Ibrahim
|
| 260 |
0 |
0 |
|a Kuala Lumpur :
|b DBP ,
|c 1997
|
| 300 |
|
|
|a xviii, 203 p. ;
|c 22 cm.
|
| 500 |
0 |
0 |
|a Bibliography: [p. 185-189] and index
|
| 650 |
0 |
0 |
|a Historiography
|z Malaysia
|
| 650 |
0 |
0 |
|a Malays
|z Malaysia
|x History
|x Sources
|
| 651 |
0 |
0 |
|a Malaysia
|x History
|x Miscellanea
|
| 999 |
|
|
|a 0000001327
|b Monograph
|c Open Shelf
|e Default branch
|